| 000 | 00874nam a2200253Ia 4500 | ||
|---|---|---|---|
| 003 | GCL | ||
| 008 | 140319s9999 xx 000 0 ara d | ||
| 040 |
_aGCL / _cGCL |
||
| 082 | 0 | 4 |
_a956.904 _bى ح |
| 100 | 1 | _aيونس الكترى | |
| 245 | 1 | 0 |
_aحلقة مفقودة من كفاح الشعب الفلسطينى الكتيبة (141) فدائيون / _cيونس الكترى |
| 260 |
_a[S.N] : _bدار المستقبل العربى ، _c1987 |
||
| 300 | _a125 ص | ||
| 490 | _a | ||
| 650 | 0 | 4 | _aالنزاع العربى الاسرائيلى |
| 650 | 0 | 4 | _aفلسطين |
| 650 | 0 | 4 | _aاسرائيل |
| 650 | 0 | 4 | _aالمقاومة الفلسطينية |
| 650 | 0 | 4 | _aحرب فلسطين 1948 |
| 650 | 0 | 4 | _aالفدائيون الفلسطينيون |
| 650 | 0 | 4 | _aالعمليات الحربية |
| 650 | 0 | 4 | _aحرب يونيو 1967 - مصر |
| 942 |
_2ddc _cBK |
||
| 999 |
_c29293 _d29293 |
||